Music Quiz

Random Music or Album Quiz
Score 0/70 Timer 10:00
0 Plays Today
Album Songs % Correct
Pray for the WickedHigh Hopes
88.6%
Pray for the WickedOne of the Drunks
85.7%
Pray for the WickedSay Amen (Saturday Night)
80%
Pray for the WickedHey Look Ma, I Made It
80%
Pray for the WickedRoaring 20s
80%
Pray for the WickedDancing's Not a Crime
80%
Pray for the WickedKing of the Clouds
80%
Pray for the WickedDying in LA
80%
A Fever You Can't Sweat OutI Write Sins Not Tragedies
79.7%
Death of a BachelorDeath of a Bachelor
79.7%
Pray for the Wicked(**** A) Silver Lining
77.1%
Pray for the WickedThe Overpass
77.1%
Too Weird to Live, Too Rare to Die!This is Gospel
74.8%
Pray for the WickedOld Fashioned
74.3%
Pretty. Odd.Nine in the Afternoon
74.1%
Vices and VirtuesThe Ballad of Mona Lisa
72.9%
Death of a BachelorVictorious
69.9%
Too Weird to Live, Too Rare to Die!Miss Jackson (feat. Lolo)
67.7%
Death of a BachelorEmperor's New Clothes
67.7%
Death of a BachelorLA Devotee
67.7%
Too Weird to Live, Too Rare to Die!Girls/Girls/Boys
67.3%
Death of a BachelorHouse of Memories
65.8%
Death of a BachelorImpossible Year
64.7%
A Fever You Can't Sweat OutBuild God, Then We'll Talk
64.3%
A Fever You Can't Sweat OutCamisado
63.9%
Pretty. Odd.Northern Downpour
63.5%
Death of a BachelorDon't Threaten Me with a Good Time
62.8%
Death of a BachelorGolden Days
62%
Death of a BachelorHallelujah
61.7%
Too Weird to Live, Too Rare to Die!Nicotine
61.3%
Vices and VirtuesSarah Smiles
60.5%
Vices and VirtuesHurricane
60.2%
Death of a BachelorThe Good, the Bad, and the Dirty
60.2%
A Fever You Can't Sweat OutIntroduction
59.8%
Death of a BachelorCrazy=Genius
59.4%
Album Songs % Correct
Vices and VirtuesNearly Witches (Ever Since We Met...)
58.3%
Pretty. Odd.That Green Gentleman (Things Have Changed)
57.9%
A Fever You Can't Sweat OutTime to Dance
57.5%
Too Weird to Live, Too Rare to Die!Vegas Lights
57.5%
A Fever You Can't Sweat OutBut It's Better If You Do
57.1%
A Fever You Can't Sweat OutIntermission
56.4%
Vices and VirtuesLet's Kill Tonight
54.5%
Vices and VirtuesReady to Go (Get Me Out of My Mind)
54.5%
Vices and VirtuesMemories
53.4%
Too Weird to Live, Too Rare to Die!The End of All Things
52.6%
Pretty. Odd.Mad as Rabbits
51.5%
A Fever You Can't Sweat OutNails for Breakfast, Tacks for Snacks
51.1%
A Fever You Can't Sweat OutThe Only Difference Between Martyrdom and Suicide Is Press Coverage
50.8%
Too Weird to Live, Too Rare to Die!Collar Full
50.8%
Pretty. Odd.We're So Starving
50%
Vices and VirtuesAlways
48.9%
Vices and VirtuesThe Calendar
48.5%
Too Weird to Live, Too Rare to Die!Casual Affair
48.1%
A Fever You Can't Sweat OutI Constantly Thank God for Esteban
47%
Vices and VirtuesTrade Mistakes
47%
Too Weird to Live, Too Rare to Die!Girl That You Love
46.6%
Too Weird to Live, Too Rare to Die!Far Too Young to Die
45.1%
Pretty. Odd.She's a Handsome Woman
44.4%
Pretty. Odd.Behind the Sea
44.4%
Pretty. Odd.She Had the World
44.4%
Pretty. Odd.Pas de Cheval
43.6%
A Fever You Can't Sweat OutThere's a Good Reason These Tables Are Numbered Honey, You Just Haven't Thought of It Yet
43.2%
Pretty. Odd.When the Day Met the Night
42.9%
A Fever You Can't Sweat OutLondon Beckoned Songs About Money Written by Machines
42.5%
Pretty. Odd.The Piano Knows Something I Don't Know
37.6%
Pretty. Odd.Folkin' Around
37.6%
Pretty. Odd.Do You Know What I'm Seeing?
36.8%
Pretty. Odd.I Have Friends in Holy Spaces
33.8%
Pretty. Odd.From a Mountain in the Middle of the Cabins
32.3%
A Fever You Can't Sweat OutLying Is the Most Fun a Girl Can Have Without Taking Her Clothes Off
21.4%
Remove Ads.
Support Sporcle.
Get the best of Sporcle when you Go Orange. This ad-free experience offers more features, more stats, and more fun while also helping to support Sporcle. Thank you for becoming a member.

You're not logged in!

Compare scores with friends on all Sporcle quizzes.
OR
Log In

Show Comments

Extras

Top Quizzes Today


Score Distribution

Your Account Isn't Verified!

In order to create a playlist on Sporcle, you need to verify the email address you used during registration. Go to your Sporcle Settings to finish the process.

Report this User

Report this user for behavior that violates our Community Guidelines.

Details: